Dünya Haritasında JetPunk Balığındaki Ülkeler - Statistics

General Stats
  • This quiz has been taken 787 times
  • The average score is 28 of 34
Answers on the Map
Answers color-coded by a green-red scale on the quiz's map according to % correct below.
 
Answer Stats
Ülke % Correct
Suudi Arabistan
96%
Hindistan
95%
İran
95%
Irak
94%
Mısır
94%
Yemen
93%
Birleşik Arap Emirlikleri
92%
Katar
92%
Umman
91%
Pakistan
90%
Afganistan
88%
Kuveyt
87%
Suriye
87%
Somali
86%
Sudan
85%
Çin
84%
Libya
83%
Ürdün
83%
Türkmenistan
81%
Nepal
79%
Bangladeş
78%
Sri Lanka
78%
Etiyopya
77%
Bahreyn
75%
Güney Sudan
74%
Vietnam
74%
Bhutan
72%
Eritre
72%
Tayland
72%
Laos
71%
Myanmar
71%
Çad
70%
Cibuti
66%
Maldivler
57%
No matching quizzes found
Score Distribution
Percent of People with Each Score
Percentile by Number Answered
Your Score History
You have not taken this quiz